Catalog

Record Details

Catalog Search



Bel-Air dead Cover Image CD Audiobook CD Audiobook

Bel-Air dead [sound recording] / Stuart Woods.

Woods, Stuart. (Author). Roberts, Tony, 1939- (Added Author).

Summary:

Stone Barrington receives a rather unexpected phone call from Arrington Calder, the ex-girlfriend with whom he has a son. Arrington's much older husband, the actor Vance Calder, has just died, leaving her a fortune in Centurion Studios stock. Arrington has plans for the money and asks Stone to represent her in the sale of the company. But when he arrives at her home in Bel-Air to finalize the deal, things take a nasty turn.

Record details

  • ISBN: 9780142429334
  • ISBN: 0142429333
  • Physical Description: 6 sound discs (8 hr.) : digital ; 4 3/4 in.
  • Edition: Unabridged.
  • Publisher: [New York] : Penguin Audio, p2011.

Content descriptions

General Note:
Title from container.
Compact discs.
Participant or Performer Note:
Read by Tony Roberts.
Subject: Barrington, Stone (Fictitious character).
Private investigators > Fiction.
Bel Air (Los Angeles, Calif.) > Fiction.
Audiobooks.
Genre: Mystery fiction.

Available copies

  • 1 of 1 copy available at scottsboropl.

Holds

  • 0 current holds with 1 total copy.
Show All Copies
Location Call Number / Copy Notes Barcode Shelving Location Status Due Date
scottsboropl BK/CD Woo 32269001136368 Adult - Audiobook Available -

LDR 01655cim a2200385Ka 4500
001134299
003CONS
00520140703073308.0
007sd fungnnmmneu
008110114s2011 nyunnnn f n eng d
020 . ‡a9780142429334
020 . ‡a0142429333
035 . ‡a(CPomAG)LMN506730
043 . ‡an-us-ca
050 4. ‡aPS3573.O642 ‡bB45 2011ab
08204. ‡a813/.54 ‡222
1001 . ‡aWoods, Stuart.
24510. ‡aBel-Air dead ‡h[sound recording] / ‡cStuart Woods.
250 . ‡aUnabridged.
260 . ‡a[New York] : ‡bPenguin Audio, ‡cp2011.
300 . ‡a6 sound discs (8 hr.) : ‡bdigital ; ‡c4 3/4 in.
4901 . ‡aA Stone Barrington novel
500 . ‡aTitle from container.
5110 . ‡aRead by Tony Roberts.
500 . ‡aCompact discs.
520 . ‡aStone Barrington receives a rather unexpected phone call from Arrington Calder, the ex-girlfriend with whom he has a son. Arrington's much older husband, the actor Vance Calder, has just died, leaving her a fortune in Centurion Studios stock. Arrington has plans for the money and asks Stone to represent her in the sale of the company. But when he arrives at her home in Bel-Air to finalize the deal, things take a nasty turn.
650 0. ‡aBarrington, Stone (Fictitious character).
650 0. ‡aPrivate investigators ‡vFiction.
651 0. ‡aBel Air (Los Angeles, Calif.) ‡vFiction.
655 7. ‡aMystery fiction. ‡2gsafd
650 0. ‡aAudiobooks.
7001 . ‡aRoberts, Tony, ‡d1939-
914 . ‡dLMN_cm
959 . ‡i32269001136368 ‡lBK/CD Woo ‡aAdult - Audiobook ‡tAudiobook ‡g38.00 ‡d6 CDs
852 . ‡p32269001136368 ‡jBK/CD Woo ‡gAdult - Audiobook ‡cAudiobook ‡y38.00 ‡bSBPL
901 . ‡a134299 ‡bUnknown ‡c134299 ‡tbiblio

Additional Resources